Five Nights at Freddy's Fangames by Pictures - Statistics

General Stats
  • This quiz has been taken 46 times
  • The average score is 15 of 40
Answer Stats
Picture Answer % Correct
Five Nights at Candy's
100%
Five Nights at Treasure Island
83%
One Night at Flumpty's
79%
Five Nights at Sonic's: Maniac Mania
72%
Five Nights at Wario's
59%
Five Nights at Chuck E. Cheese's
55%
Five Nights in Anime
55%
Baby's Nightmare Circus
52%
The Joy of Creation: Story Mode
52%
Jolly
48%
Tyke & Sons Lumber Co.
48%
A Bite at Freddy's
45%
Popgoes
45%
The Tubbyland Archives
45%
Ultra Custom Night
45%
Fazbear Nights
41%
Playtime with Percy
41%
Five Nights at F***boy's
34%
JR's
34%
Bondee's Barnyard: Safety Violation
31%
Graveyard Shift at Freddy's
31%
The Glitched Attraction
31%
Dayshift at Freddy's
28%
Dormitabis
28%
Oblitus Casa
28%
SCP: The Endurance
28%
Those Nights at Rachel's
28%
Aftonbuilt
24%
Five Nights at the Krusty Krab
24%
Tealerland
24%
Five Nights with 39
21%
The Return to Bloody Nights
21%
Grizzly's
17%
The Web of Cogs and Oil
17%
Final Nights
14%
Five Nights at Freddy's: Pocket Horror
14%
Polar Dread
14%
Post-Shift
10%
Five Nights to Remember
7%
FNAF 1 REMAKE
7%
No matching quizzes found
Score Distribution
Percent of People with Each Score
Percentile by Number Answered
Your Score History
You have not taken this quiz